NFL Players Colleges (Ultimate) - Statistics

General Stats
  • This quiz has been taken 443 times
  • The average score is 16 of 28
Answer Stats
Hint Answer % Correct
Julio Jones Alabama
92%
Larry Fitzgerald Pitt
81%
Derek Carr Fresno St
79%
Ryan Fitzpatrick Harvard
79%
Randy Moss Marshall
79%
Calvin Johnson Georgia Tech
78%
Joe Flacco Delaware
77%
Emmit Smith Florida
75%
Ladainian Tomlinson TCU
71%
Troy Aikman UCLA
69%
Brian Cushing USC
66%
Tony Romo Eastern Illinois
64%
Arian Foster Tennessee
59%
Wes Welker Texas Tech
59%
Jerry Rice Mississippi Valley
53%
Terry Bradshaw Louisiana Tech
49%
YA Tittle LSU
48%
Michael Floyd Notre Dame
48%
Sean Lee Penn St
48%
Kurt Warner Northern Iowa
46%
Brandon Marshall Central Florida
42%
Eric Dickerson Southern Methodist
41%
Walter Payton Jackson St
35%
Matt Forte Tulane
35%
Johnny Unitas Louisville
33%
Terrell Owens Chattanooga
30%
Rashad Jennings Liberty
18%
Michael Strahan Texas Southern
17%
No matching quizzes found
Score Distribution
Percent of People with Each Score
Percentile by Number Answered
Your Score History
You have not taken this quiz